Serie A Sieger - Sudden Death - Statistiken

Allgemein
  • Dieses Quiz wurde 973 mal gespielt
  • Das Durchschnittsergebnis liegt bei 7 aus 16
Answers on the Grid
Answers color-coded by a green-red scale on the quiz's grid according to % correct below.
Atalanta Bergamo
Udinese Calcio
Parma Calcio 1913
FC Palermo
L.R. Vicenza
FC Bari 1908
Brescia Calcio
Chievo Verona
SPAL Ferrara
Catania SSD
US Lecce
FC Empoli
US Sassuolo Calcio
FC Venedig
FC Turin
Sampdoria Genua
AS Rom
FC Pro Vercelli
US Novese
SSC Neapel
AC Mailand
Lazio Rom
Juventus Turin
Inter Mailand
Hellas Verona
CFC Genua
AC Florenz
AS Casale
Cagliari Calcio
FC Bologna
 
Antwortstatistiken
Antwort % Korrekt
AC Mailand
82%
Inter Mailand
82%
Juventus Turin
81%
AS Rom
75%
SSC Neapel
74%
Lazio Rom
69%
AC Florenz
54%
FC Turin
36%
Sampdoria Genua
29%
FC Bologna
27%
Hellas Verona
21%
CFC Genua
19%
FC Pro Vercelli
9%
Cagliari Calcio
8%
AS Casale
4%
US Novese
4%
Keine übereinstimmenden Quizze gefunden
Verteilung der Resultate
Anzahl Personen mit jedem Resultat
Perzentil nach korrekt beantworteten Fragen
Ihre Resultats-Entwicklung
Sie haben dieses Quiz noch nicht gespielt